U.S. States Bordering New Mexico - Map Quiz - Statistics

General Stats
  • This quiz has been taken 271 times
  • The average score is 4 of 5
Answers on the Map
Answers color-coded by a green-red scale on the quiz's map according to % correct below.
 
Answer Stats
Answer % Correct
Arizona
95%
Texas
92%
Oklahoma
89%
Colorado
87%
Utah
86%
No matching quizzes found
Score Distribution
Percent of People with Each Score
Percentile by Number Answered
Your Score History
You have not taken this quiz